Interní sociální sítě jako nástroj pro řízení znalostí

Výhody podnikových sociálnych sietí, pokiaľ ide o riadenie znalostí, a ako môže podnik úspešne použiť sociálnu sieť v medzinárodnej spoločnosti. Uvedená prípadová štúdia môže inšpirovať k vytvoreniu podnikovej sociálnej siete na účely riadenia znalostí.

Salvato in:
Dettagli Bibliografici
Autore principale: Hudcová, Šárka
Natura: Capitolo di libro
Lingua:ceco
Soggetti:
Tags: Aggiungi Tag
Nessun Tag, puoi essere il primo ad aggiungerne!!

MARC

LEADER 00000nla a2200000 4500
001 0208840
005 20240417075102.2
041 0 |a cze 
044 |a CZ 
245 1 0 |a Interní sociální sítě jako nástroj pro řízení znalostí  |c Šárka Hudcová 
520 |a Výhody podnikových sociálnych sietí, pokiaľ ide o riadenie znalostí, a ako môže podnik úspešne použiť sociálnu sieť v medzinárodnej spoločnosti. Uvedená prípadová štúdia môže inšpirovať k vytvoreniu podnikovej sociálnej siete na účely riadenia znalostí. 
610 2 0 |a riadenie znalostí 
610 2 0 |a komunikácia interná 
610 2 0 |a spolupráca podnikov 
610 2 0 |a výmena skúseností 
610 2 0 |a spoločnosti nadnárodné 
610 2 0 |a siete sociálne 
610 2 0 |a štúdie prípadové 
100 1 |a Hudcová, Šárka